High School Musical: All Songs - Statistics

General Stats
  • This quiz has been taken 338 times
  • The average score is 13 of 24
Answer Stats
Character (S) Actor (S) Song % Correct
Troy and Gabriella Drew Seeley (Zac Efron) and Vanessa Hudgens Breaking Free
77%
Sharpay and Ryan/ Troy and Gabriella Ashley Tisdale, Lucas Grabeel, Drew Seeley (Zac Efron) and Vanessa Hudgens Start of Something New
77%
Troy Zac Efron Bet on It
71%
All Drew Seeley (Zac Efron), Vanessa Hudgens, Ashley Tisdale, Corbin Bleu, Lucas Grabeel and Monique Coleman We're All in This Together
70%
Sharpay Ashley Tisdale Fabulous
67%
Chad and Ryan and Wildcats Corbin Bleu and Lucas Grabeel I Don't Dance
65%
Troy and Gabriella Zac Efron and Vanessa Hudgens Everyday
64%
Sharpay and Ryan Ashley Tisdale and Lucas Grabeel Bop to the Top
63%
Kelsi and Troy and Gabriella/ Sharpay and Troy Zac Efron, Vanessa Hudgens and Ashley Tisdale You Are the Music in Me
59%
Troy Zac Efron Scream
58%
All Zac Efron, Vanessa Hudgens, Monique Coleman, Corbin Bleu, Ashley Tisdale and Lucas Grabeel All for One
54%
Wildcats Zac Efron, Lucas Grabeel, Ashley Tisdale, Corbin Bleu, Vanessa Hudgens, Monique Coleman High School Musical
54%
Gabriella Vanessa Hudgens When There Was Me and You
54%
All Zac Efron, Vanessa Hudgens, Ashley Tisdale, Corbin Bleu, Monique Coleman and Lucas Grabeel What Time is it?
51%
Troy and Gabriella Zac Efron and Vanessa Hudgens Can I Have This Dance?
50%
Troy and Wildcats Zac Efron, Corin Bleu and Monique Coleman Work This Out
50%
Wildcats (Lead by Chad) Corbin Bleu, Ashley Tisdale and KayCee Stroh Stick to the Status Quo
49%
Troy and Wildcats Zac Efron, Corbin Bleu and Vanessa Hudgens Now or Never
48%
Troy and Wildcats Drew Seeley (Zac Efron) Get Your Head in the Game
47%
Sharpay and Ryan Lucas Grabeel and Ashley Tisdale I Want it All
47%
Troy and Chad Zac Efron and Corbin Bleu Boys Are Back
46%
Wildcats/ Sharpay and Ryan Zac Efron, Vanessa Hudgens, Ashley Tisdale, Corbin Bleu, Monique Coleman and Lucas Grabeel A Night to Remember
44%
Troy and Gabriella Zac Efron and Vanessa Hudgens Right Here, Right Now
39%
Gabriella Vanessa Hudgens Walk Away
39%
No matching quizzes found
Score Distribution
Percent of People with Each Score
Percentile by Number Answered
Your Score History
You have not taken this quiz